00946cam a2200241 a 450000100100000000500170001000800410002704000250006808200210009310000470011424501070016126000740026830000210034249000150036365000330037865000440041165000350045570000410049083000220053104900090055395201250056299900170068700002500720200930023514.0901219s1989 cu 000 | spa d aDO-SdBNPbspacBNPHU a972.84051bP944u1 aPérez Díaz, Juan Carlos,d1959-95131514aLos últimos peldaños de la muerte /cJuan Carlos Pérez Díaz; edición José Rodríguez Feo. aLa Habana, (Cuba) :bUnión de Escritores y Artistas de Cuba,c1989. a251 p. ;c18 cm.1 aManjuarí 4aEl salvadorxHistoria951316 4aNovela histórica salvadoreña951317 4aLiteratura salvadoreña929291 aRodríguez Feo, José,eed.916879 0aManjuarí922456 aBNGR 001054708MOaGRbGRcCTd2011-02-08iLF1l0o972.84051 P944up25007-10r2020-06-25w2020-06-25y4ZPréstamo en sala c24500d24500